000 00295nam a22001337a 4500
008 171020b xxu||||| |||| 00| 0 eng d
020 _a9780538874847
041 _aeng
080 _a33
100 _a52
101 _aEKO
245 _aHEALTH ECONOMICS & POLICY
_cHENDERSON,J
942 _2udc
_cBK
999 _c35050
_d35050